000 00804nam a2200229 i 4500
001 bg
245 0 0 _aLabour market policies for the 1990s /
_cOrganisation for Economic Co-operation and Development.
260 _aParis :
_bOECD,
_c1992.
300 _a130 s. ;
_c24 cm.
504 _aBibliogr. s.90-91.
610 2 9 _aOrganizacja Współpracy Gospodarczej i Rozwoju
650 9 _aZatrudnienie
_xpolityka
_xkraje gospodarczo rozwinięte
_yod 1945 r.
650 9 _aPraca
_xpolityka
_zkraje gospodarczo rozwinięte
_yod 1945 r.
650 9 _aSiła robocza
_xkraje gospodarczo rozwinięte
_yod 1945 r.
020 _a9264133631
040 _cBPK
041 0 _aen
080 _a331.5:339.92](100.3-67OECD)"1945/..."
920 _a92-64-13363-1
942 _cKS
008 s pl f |000 0 pol
999 _c31435
_d31435
856 _uhttp://koha.tu.koszalin.pl/cgi-bin/koha/opac-detail.pl?biblionumber=31435
_yKatalog online BPK